World Capitals Beginning with Unique First Two Letters - Statistics

General Stats
  • This quiz has been taken 239 times
  • The average score is 43 of 56
Answer Stats
First 2 Letters Capital % Correct
DJ Djibouti
95%
AC Accra
94%
LJ Ljubljana
90%
OT Ottawa
90%
PY Pyongyang
90%
ZA Zagreb
90%
DH Dhaka
89%
KH Khartoum
89%
HE Helsinki
88%
IS Islamabad
88%
TB Tbilisi
88%
WE Wellington
88%
OS Oslo
87%
QU Quito
87%
JA Jakarta
86%
JE Jerusalem
86%
AP Apia
85%
UL Ulaan Baatar
85%
JU Juba
84%
SK Skopje
84%
YE Yerevan
84%
AT Athens
82%
MB Mbabane
82%
N'D N'Djamena
82%
OU Ouagadougou
82%
AL Algiers
80%
FU Funafuti
80%
BO Bogota
78%
DI Dili
78%
PH Phnom Penh
78%
WI Windhoek
78%
RE Reykjavik
76%
TU Tunis
76%
FR Freetown
75%
GU Guatemala City
75%
TH Thimphu
75%
SI Singapore
74%
HO Honiara
73%
RA Rabat
73%
TI Tirana
73%
CH Chisinau
72%
TO Tokyo
72%
ME Mexico City
70%
MU Muscat
70%
SE Seoul
69%
SR Sri Jayawardenepura Kotte
69%
TR Tripoli
68%
NG Ngerulmud
66%
NU Nuku'alofa
64%
GA Gaborone
63%
GE Georgetown
62%
MI Minsk
62%
NE New Delhi
57%
NO Nouakchott
57%
SO Sofia
57%
LA La Paz
46%
No matching quizzes found
Score Distribution
Percent of People with Each Score
Percentile by Number Answered
Your Score History
You have not taken this quiz